Every Country in the Image #3 - Statistics

General Stats
  • This quiz has been taken 183 times
  • The average score is 44 of 50
Answer Stats
Hint Answer % Correct
Indonesia
96%
Argentina
95%
Bolivia
95%
Brazil
95%
Chile
95%
Malaysia
95%
Paraguay
95%
Peru
95%
Russia
95%
Uruguay
95%
Estonia
92%
Ukraine
92%
Belarus
91%
India
91%
Latvia
91%
Lithuania
91%
Poland
91%
Bhutan
90%
Finland
90%
Kenya
90%
Nepal
90%
Philippines
90%
Tanzania
90%
China
89%
East Timor
89%
Pakistan
89%
Singapore
89%
Sri Lanka
89%
Sweden
88%
Thailand
88%
Afghanistan
87%
Bangladesh
87%
Brunei
87%
Malawi
86%
Myanmar
86%
Somalia
86%
Chad
85%
Libya
85%
Sudan
85%
Egypt
84%
Niger
83%
Algeria
82%
Mozambique
81%
Uganda
81%
Seychelles
80%
Kazakhstan
78%
Mali
78%
Vietnam
77%
Zambia
77%
Comoros
74%
No matching quizzes found
Score Distribution
Percent of People with Each Score
Percentile by Number Answered
Your Score History
You have not taken this quiz